000 00246nam a2200109Ia 4500
005 20251222154335.0
008 251222s9999||||xx |||||||||||||| ||spa||
082 _a869.26/M15
100 _a"Mallea, Eduardo"
245 0 _aEl vĂ­nculo
942 _cLIB
999 _c34307
_d34307